00430nam a2200193Ia 4500003000900000008004100009040001300050040001300063041000800076100002200084245004300106250001100149260001800160260000900178300001100187300001000198490002200208490000600230IT-RoPAU120407s9999 xx 000 0 und d aIT-RoPAU cIT-RoPAU aita aSilvana Adornato aCosa leggere sull’igiene e la salute aMilano aBibliografica c1976 a102 p. c17 cm aCosa leggere, 10 v1